| LEADER |
01111nam0a2200217 450 |
| 001 |
16846496 |
| 010 |
|
|
|a 978-2-253-07387-1
|b br.
|d 7,4
|
| 100 |
|
|
|a 20180503d2018 u u0frey01 ba
|
| 101 |
1 |
|
|a fre
|c ita
|
| 102 |
|
|
|a FR
|
| 200 |
0 |
|
|a huit montagnes (Les)
|f Paolo Cognetti
|g roman traduit de l'italien par Anita Rochedy
|
| 207 |
|
1 |
|a
|
| 210 |
|
|
|a Paris
|c Le livre de poche
|d 2018
|
| 215 |
|
|
|a 1 vol. (283 p.)
|d 18 x 11 cm
|
| 225 |
1 |
|
|a Le Livre de poche
|v 35092
|
| 330 |
|
|
|a Lors des vacances d'été, les parents de Pietro, 11 ans, louent une maison à Grana, dans le Val d'Aoste. Avec Bruno, un jeune vacher, Pietro parcourt les paysages du Grenon et découvre les secrets de la montagne. A 16 ans, il passe un dernier été à Grana, avant d'y revenir quinze ans plus tard. Prix Strega Giovani 2017, prix Médicis étranger 2017, prix François Sommer 2018. Premier roman.
|
| 700 |
|
0 |
|a Cognetti
|b Paolo
|f 1978-....
|4 70
|
| 702 |
|
0 |
|a Rochedy
|b Anita
|4 730
|
| 900 |
|
|
|a Roman
|
| 901 |
|
|
|a Accessible au prêt
|
| 995 |
|
|
|a Bibliothèque
|c Bibliothèque
|f 00156009234287
|h 00156009234287
|k R COG
|o p
|q a
|r az
|e Bibliothèque
|